000 01352cam a22002415a 4500
001 L138184
008 070521s2007 xxka f 000 0 eng d
020 _a9780860176626
_a0860176622
035 _a(Sirsi) u138184
041 0 _aeng
050 0 4 _a690.22 $2 18
110 2 _aOve Arup and Partners
245 0 0 _aCDM2007
_bconstruction work sector guidance for designers
250 _a3rd ed.
_bTaking account of CDM2007 and its ACoP L144 (2007)
260 _aLondon
_bCIRA
_c2007
300 _a203p.
_bill.
_c30cm.
505 2 _aIntroduction -- Construction work sector guidance -- Providing information -- Sources of further information
520 _aOffers guidance to any person or organisation acting as a designer to meet their obligations under the Construction (Design and Management) Regulations 2007 with respect to designing, taking account of workplace in-use hazards. Explains the legal duty under CDM to consider these hazards and advises on how it may be discharged, taking account of Approved Code of Practice L144. Also explains how the work may be carried out in an effective, proportionate manner and discusses who is a designer for purposes of CDM.
651 4 _aEngland and Wales
_y1543-
690 _aBUILT ENVIRONMENT-CONSTRUCTION MANAGEMENT-CONSTRUCTION DESIGN AND MANAGEMENT
700 1 _aGilbertson, Alan
942 _n0
999 _c107049
_d107049